000
00312nam a2200133Ia 4500
003
OSt
005
20230726110454.0
008
170524s9999 xx 000 0 und d
040
_c
IIMT UNIVERSITY
100
_a
LASIKER- FLATLEY
245
0
_a
BASIC BUSINESS COMMUNICATON
260
_b
TMH : DELHI
942
_2
ddc
_c
02
999
_c
7872
_d
7872